000 00631nam a2200253 a 4500
001 nice12345678
003 IN_TiNIC
005 20260116013453.0
008 050524s1984 bana grp 000 0 eng
020 _a
_c20
082 0 0 _a324.245408
_bSES
100 _aSeshadri, H V
245 _aHindu Renaissance Under Way
260 _aBangalore
_bJagrana Prakashan
_c1984
300 _a206p
500 _aincludes index and biblioraphy
505 2 _aBibliography, Index
650 _aReligious Fundamentalism-Hindu
650 _aHindutva
700 1 _aSeshadri, H V
902 _bSRS
942 _cBK
999 _c11107
_d11107